10 premiers "pays" à avoir fourni le plus d'aides à l'Ukraine - Statistiques

Statistiques générales
  • Ce quiz a été pris 90 fois
  • Le résultat moyen est 7 sur 10
Statistiques - réponses
Aides (en milliards d'euros) Réponse % Correct
4.9 France
100%
114,2 Etats-Unis
99%
17.3 Allemagne
96%
14.8 Royaume-Uni
93%
8.3 Canada
88%
10.5 Japon
74%
5.4 Suède
67%
7.3 Pays-Bas
52%
8.0 Danemark
48%
48.9 Union Européenne
6%
Aucun quiz correspondant
Distribution des résultats
% des personnes avec chaque résultat
Percentile par nombre de réponses
Votre historique - résultats
Vous n’avez pas pris ce quiz